000 00648nam a2200217 4500
003 OSt
005 20240724083721.0
006 a
008 240724b |||||||| |||| 00| 0 eng d
020 _a9789718171479
040 _aDWCL-Main lib.
_cOC
082 _aFil. 001.4 C117e 2009
100 _aCabrera, Lucila del Mundo
245 _aEssentials of research and business correspondence /
260 _aManila :
_bBooklore Pub. Corporation,
_cc2009.
300 _aiv,
_b237 p. : ill. ;
_c23 cm.
504 _aIncludes bibliographical references.
650 _a1. Research.
650 _a2. Business Letters.
942 _2ddc
_n0
_cBK - FIL
_kFil.
999 _c2687
_d2687